00417nam a2200169Ia 450000500170000000800410001702000120005804000190007004100120008908200170010110000240011824500350014226000320017730000100020965000180021985000100023720230324100839.0131103s9999 xx 000 0 und d cRs.3.50 aLoreto College aEnglish a891.442bMUK aMukhopadhaya, Sunil aAmitrakharcSunil Mukhopadhaya aKolklatabGranthapithc1930 a96p.  aBengali drama aLCLIB